| LEADER 00000nam 2200000uu 4500 |
| 001 212595 |
| 003 ULIBM |
| 008 190819s||||||||th 000 0 tha d |
| 020 ^a9781496387134
|
| 040 ^abcnkk
|
| 041 ^aEng
|
| 060 04 ^aWY106^bA546c 2019
|
| 100 1 ^aAnderson, Elizabeth T.,^eauthor.
|
| 245 10 ^aCommunity as partner :^btheory and practice in nursing /^cElizabeth T. Anderson, Judith McFarlane.
|
| 250 ^a8th ed.
|
| 260 ^aPhiladelphia :^bWolters Kluwer,^cc2019
|
| 300 ^ax, 394 pages ;^c26 cm.
|
| 504 ^aIncludes bibliographical references and index.
|
| 650 0 ^aCommunity health nursing.
|
| 650 2 ^aCommunity Health Nursing.
|
| 650 2 ^aHealth Promotion.
|
| 650 2 ^aNurse s Role.
|
| 650 2 ^aNursing Theory.
|
| 700 0 ^aMcFarlane, Judith M.,^eauthor.
|
| 700 0 ^a
|
| 999 ^aใช้งานได้ทุกระบบ
|